Reminiscences of a public servant (Record no. 494734)

000 -LEADER
fixed length control field 00412cam a22001217a 4500
008 - FIXED-LENGTH DATA ELEMENTS--GENERAL INFORMATION
fixed length control field 180718b xxu||||| |||| 00| 0 eng d
082 ## - DEWEY DECIMAL CLASSIFICATION NUMBER
Classification number A99 T737
100 ## - MAIN ENTRY--PERSONAL NAME
Personal name Tripathi, P.K.
245 ## - TITLE STATEMENT
Title Reminiscences of a public servant
Statement of responsibility, etc. by P.K. Tripathi
260 ## - PUBLICATION, DISTRIBUTION, ETC.
Place of publication, distribution, etc. Orissa
Name of publisher, distributor, etc. Central Divison
Date of publication, distribution, etc.
300 ## - PHYSICAL DESCRIPTION
Extent 147p
650 ## - SUBJECT ADDED ENTRY--TOPICAL TERM
Topical term or geographic name entry element Huque, K. A. (Kazi Anwarul)Cabinet officers -Bangladesh -Biography.Bangladesh -Politics and government.
Holdings
Withdrawn status Lost status Damaged status Not for loan Permanent Location Current Location Date acquired Full call number Barcode Date last seen Price effective from Koha item type
        Indian Institute of Public Administration Indian Institute of Public Administration 2018-08-04 A99 T737 GR4858 2018-08-04 2018-08-04 GR

Powered by Koha